Loading...

Broken bough /

Bibliographic Details
Main Author: Bromige, Iris
Language:Undetermined
LEADER 00336nam a2200109Ia 4500
001 143848
008 170722s9999 xx 000 0 und d
100 |a Bromige, Iris 
245 |a Broken bough / 
942 |c GEN 
999 |c 172658  |d 172658 
952 |0 0  |1 0  |4 0  |6 O_3NBR12_B_L3  |7 0  |9 238364  |a LIB  |b LIB  |d 2017-08-12  |o O-,3NBR12, B L3  |p G76846  |r 2017-08-12  |w 2017-08-12  |y GEN